| 000 | 01732nam0a2200325 4500 | ||
|---|---|---|---|
| 001 | RU\NLR\bibl\502 | ||
| 005 | 20260406041551.0 | ||
| 010 |
_a5-89070-001-4 _9200 |
||
| 021 |
_aRU _b97-23869 _9985 |
||
| 035 | _a(NLR Aleph) 000000439 | ||
| 090 |
_a492 _c492 |
||
| 100 | _a19980408d1997 |||y0rusy50 ca | ||
| 101 | 0 | _arus | |
| 102 | _aRU | ||
| 105 | _a||||||||||||| | ||
| 200 | 1 |
_aМаркшейдерские опорные геодезические сети _eУчеб. пособие _fА.Н. Соловицкий _gМ-во общ. и проф. образования Рос. Федерации, Кузбас. гос. техн. ун-т |
|
| 210 |
_aКемерово _cКузбас. гос. техн. ун-т _d1997 |
||
| 215 |
_a136 с. _cил. _d21 |
||
| 320 | _aБиблиогр.: с. 134 | ||
| 606 | 0 |
_aГеодезические сети опорные _jРуководства, пособия и т.п. для высшей школы _91398690 _3RU\NLR\auth\66275831 |
|
| 606 | 0 |
_aГеодезические сети опорные _jУчебные издания для высшей школы _91398690 _3RU\NLR\auth\66275831 |
|
| 606 | 0 |
_aМаркшейдерские съемки _jРуководства, пособия и т.п. для высшей школы _91388118 _3RU\NLR\auth\66269887 |
|
| 606 | 0 |
_aМаркшейдерские съемки _jУчебные издания для высшей школы _91388118 _3RU\NLR\auth\66269887 |
|
| 686 | _aИ122я73-1 | ||
| 700 | 1 |
_4070 _8rus _7ca _aСоловицкий _bА. Н. _gАлександр Николаевич _3RU\NLR\auth\771937 _9111954 |
|
| 801 | 0 |
_aRU _bNLR _c19980408 _gPSBO |
|
| 801 | 1 |
_aRU _bNLR _c19980408 |
|
| 852 |
_aNLR _j97-3/5880 |
||
| 942 | _cBOOK | ||
| 980 | _aNB | ||